| 000 | 00669nam a2200193 a 4500 | ||
|---|---|---|---|
| 001 | BRCA_917 | ||
| 005 | 20190320203215.0 | ||
| 008 | 110408s2000----sp-a---###---#000-0#spa-# | ||
| 020 | _a8492323450 | ||
| 050 | 4 |
_aNK7162 _b.C78 2000 |
|
| 100 | 1 |
_aCruz Valdovinos, José Manuel _d1943- _92201 |
|
| 245 | 1 | 0 |
_aPlatería en la Fundación Lázaro Galdiano _cJosé Manuel Cruz Valdovinos. |
| 260 |
_aMadrid _bFundación Lázaro Galdiano _c2000 |
||
| 300 |
_a420 p. _bil. a color _c24 cm. |
||
| 504 | _aBibliografía: p. 416 | ||
| 610 | 2 | 4 |
_aFundación Lázaro Galdiano _xColecciones de arte _zMadrid _92205 |
| 650 | 1 | 4 |
_aPlata _xMuseos _ySiglos XIV a XX _zEspaña _93037 |
| 942 |
_2lcc _cB |
||
| 999 |
_c808 _d808 |
||